Pedro e os cacarecos (Record no. 192301)

MARC details
000 -LÍDER
campo de controle de tamanho fixo 00356 a2200169 4500
001 - NÚMERO DE CONTROLE
campo de controle 192301
020 ## - ISBN - INTERNATIONAL STANDARD BOOK NUMBER
ISBN - International Standard Book Number 978-85-329-0768-4
040 ## - FONTE DA CATALOGAÇÃO
Instituição que transcreveu o registro Magnum
100 ## - ENTRADA PRINCIPAL--NOME PESSOAL
Nome pessoal Barra, Simone
240 10 - TÍTULO UNIFORME
Título uniforme Pedro e os cacarecos
Idioma da obra por
245 10 - TÍTULO
Título Pedro e os cacarecos
300 ## - DESCRIÇÃO FÍSICA
Extensão 34
362 0# - DATAS DE PUBLICAÇÃO E/OU DESIGNAÇÃO SEQUENCIAL
Datas de publicação e/ou designação sequencial 2013
440 #1 - DECLARAÇÃO DE SÉRIE/ENTRADA ADICIONADA--TÍTULO
Título
697 ## - ENTRADA DE ASSUNTO LOCAL--ENTIDADE COLETIVA (RLIN)
Nome corporativo ou nome da jurisdição LITERATURA INFANTO
942 ## - ELEMENTOS DE ENTRADA ADICIONADOS (KOHA)
Tipo de material Koha Livros
Holdings
Situação do descarte Situação das perdas Situação física Não pode ser emprestado Biblioteca de origem Biblioteca atual Data de aquisição Total de empréstimos Número de chamada completo Código de barras Data de último acesso Data do preço efetivo Tipo de material Koha
        Magnum Magnum 08/06/2024   869.1.1487 MAG00070330 08/06/2024 08/06/2024 Livros
        Magnum Magnum 08/06/2024   869.1.1487 MAG00074973 08/06/2024 08/06/2024 Livros
        Magnum Magnum 08/06/2024   869.1.1487 MAG00074974 08/06/2024 08/06/2024 Livros
        Magnum Magnum 08/06/2024   869.1.1487 MAG00074975 08/06/2024 08/06/2024 Livros
        Magnum Magnum 08/06/2024   869.1.1487 MAG00074976 08/06/2024 08/06/2024 Livros
        Magnum Magnum 08/06/2024   869.1.1487 MAG00074977 08/06/2024 08/06/2024 Livros
        Magnum Magnum 08/06/2024   869.1.1487 MAG00074978 08/06/2024 08/06/2024 Livros
        Magnum Magnum 08/06/2024   869.1.1487 MAG00074979 08/06/2024 08/06/2024 Livros